000
00220nam a22000857a 4500
008
160704b xxu||||| |||| 00| 0 eng d
100
_9
2072
_a
Anand, U
245
_a
Be Prepared
260
_a
New Delhi
_b
National Book Trust
_c
1975
999
_c
1769
_d
1769